00509nam a2200157Ia 4500008004100000040001800041041000800059100003100067245007700098260004200175300001800217490003000235504003600265650002600301650002400327130821s1955 sp gr spa  aCo-BoUCMbspa aspa aFernandez de Heredia, Juan aObrascJuan Fernández de Heredia; prólogo y notas de Rafael Ferreras aMadrid (España)bEspasa-Calpec1955 a267 páginas aCl sicos Castellanos; 139 aIncluye notas a pie de página04aLiteratura española04aPoesía española